[Event "Dov Porath Memorial"]
[Site "Givataim"]
[Date "2004.10.05"]
[Round "4"]
[White "Lerner, Konstantin Z"]
[Black "Mikhalevski, Victor"]
[Result "1/2-1/2"]
[WhiteElo "2504"]
[BlackElo "2566"]
[Annotator "Mikhalevski,V"]
[PlyCount "72"]
[EventDate "2004.10.03"]
[EventType "swiss"]
[EventRounds "7"]
[EventCountry "ISR"]
[SourceTitle "CBM 104"]
[Source "ChessBase"]
[SourceDate "2005.01.27"]
[SourceVersion "1"]
[SourceVersionDate "2005.01.27"]
[SourceQuality "1"]

1. c4 Nf6 2. Nc3 d5 3. cxd5 Nxd5 4. g3 g6 5. Bg2 Nxc3 6. bxc3 Bg7 7. Rb1 Nd7 {
The main line.} 8. Qc2 $5 {A rare, but very unpleasant for Black move.
Protecting the rook and bringing the queen into play White creates a threat of
Bxb7. That's the reason for my next move.} c6 {Frankly speaking I didn't like
this move, but couldn't find anything better.} (8... O-O {which was played
early looks dangerous in view of} 9. Bxb7 Bxb7 10. Rxb7 Nb6 11. Qe4 {For some
reason White never played 9.Bxb7.}) (8... Nb6 {deserves serious attention.}) 9.
Nf3 Qa5 {with the idea to meet d4 with e5.} (9... O-O {was an alternative.})
10. O-O O-O 11. c4 {Black has a problem with development of the queenside.} Nc5
$5 12. d3 e5 $5 {Showing presence in the centre.} ({In the only preceding game
Black tested} 12... Qa4 $6 13. Qd2 $5 Bf5 $6 (13... Rd8 $5) 14. a3 $1 {[%cal
Gd2b4]} b5 $2 15. cxb5 (15. Rb4 $5 Qa5 16. cxb5 cxb5 17. Nh4 $16 {[%csl Ra8,
Rf5]}) 15... cxb5 16. Nh4 Nb3 $1 17. Qe3 Be6 $2 (17... Bd4 $142 18. Qxe7 Rae8
19. Qg5 Bd7 $16) 18. Bxa8 $18 {1-0 Banas,J-Blazkova,P/Litomysl 1997/EXT 99 (50)
}) 13. Bd2 Qa4 (13... Qc7 $2 14. Bb4 $1 {[%csl Rc5][%cal Gb4f8]}) 14. Qxa4 Nxa4
15. Rfc1 $1 {[%cal Gc4c5] White wants to cut the a4-knight off the game.} Re8
$1 {My only counter chance is e4.} 16. c5 {[%csl Ra4]} e4 $1 ({In case of} 
16... Bf8 17. Be3 e4 18. Nd2 $1 (18. dxe4 Rxe4) 18... exd3 19. exd3 {I would
have to sacrifice an exchange without sufficient compensation.} Rxe3 20. fxe3
$16) 17. dxe4 Rxe4 18. e3 Bf8 {Now White obtains pressure along the
a8-h1-diagonal.} ({Fritz 8 recommends} 18... Bb2 $5 19. Rc2 Bg7 $13 {with the
idea to exploit white rooks on c2 and b1.}) 19. Nd4 Re8 20. Nxc6 $1 (20. Bb4
Bd7) 20... Nxc5 ({Certainly not} 20... bxc6 $2 21. Bxc6 {and too many pieces
are hanging.}) 21. Nd4 $1 {White finds the most unpleasant moves. The
queenside is still the main problem for Black.} (21. Na5 Bf5 $1 22. Rb5 Rad8 $1
) 21... Rb8 $5 22. Bb4 $1 Ne6 $1 23. Nb5 $5 {[%csl Ra7] Putting even more
pressure on my queenside.} ({Probably} 23. Bxf8 $1 {was even better} Nxd4 24.
Bd6 $1 Ne2+ 25. Kf1 Nxc1 26. Bxb8 Nxa2 27. Bxa7 b5 $5 $14 {/+/- and White is
better thanks to a bishop pair.}) 23... Bxb4 24. Rxb4 a5 25. Rb2 $1 {And again
Lerner chooses the best move.} ({After} 25. Rbc4 Rd8 $1 26. Nd6 Rxd6 27. Rxc8+
Rd8 $1 28. Rxd8+ Nxd8 $1 $14 {Black keeps all his pieces together.}) (25. Nd6
$5 axb4 26. Nxe8 Nd8 $1 {also looks playable for Black.}) 25... b6 (25... Rd8
$6 {is strongly met by} 26. Na7 $1 $16 {[%csl Rb7,Rb8,Rd8][%cal Ga7c6,Ga7c8]})
26. Nd6 {[%csl Rb6][%cal Gc1c6,Gd6c8]} ({Also strong was simple doubling of
rooks along the b-file.} 26. Rcb1 $5 Rd8 27. Na7 Bd7 28. Rxb6 $16) 26... Rd8
27. Nc4 $6 {First inaccuracy, which allows me to get counter chances.} (27. Rc6
$142 $1 {is enough for an extra pawn without counterplay.} b5 28. Nxc8 Rbxc8
29. Rxc8 Rxc8 30. Rxb5 Rc1+ 31. Bf1 a4 32. Rb4 Nc5 33. Rc4 $16 {with good
chances for a win.}) 27... Ba6 $1 28. Rxb6 Rxb6 $1 (28... Bxc4 29. Rxb8 Rxb8
30. Rxc4 $16) 29. Nxb6 Rd2 {The rook penetrates to the second rank, which
promises some counterplay.} 30. Bd5 $6 ({It wasn't easy to find the best move
here. Probably White is still better after} 30. a3 $1 {inviting the rook to a2.
} Ra2 $140 {and only then} 31. a4 $1 $16 {and this time} Nc5 $2 {doesn't work
in view of} 32. Bd5 $1 Nd3 33. Rc7 $1 (33. Bxa2 $5 Nxc1 34. Bd5 $16) 33... Ra1+
(33... Rxf2 34. Ra7 $1 {[%csl Ra6]}) 34. Kg2 Ne5 35. h3 {with a decisive
advantage.}) 30... Ng5 $1 {[%cal Gg5h3] I think Lerner missed this idea.} 31.
Kg2 Bd3 $1 {[%cal Gg5e4,Gd3e4]} 32. Nc4 $1 {Bringing the knight to d6 White
also creates some threats.} ({Now} 32. a3 {wouldn't be enough for any
advantage. Activity of black pieces compensates the pawn.} Be4+ (32... Ne4 $5
33. Bxe4 Bxe4+ 34. Kg1 Ra2) 33. Bxe4 Nxe4 34. Rf1 Rc2 $1 $11) 32... Rxa2 33.
Nd6 (33. Ne5 $2 {is bad in view of} Be4+ $1) 33... Rd2 $5 {Preparing a
discovered check.} (33... Rc2 $5 34. Ra1 $1 Rc5 35. e4 {is still better for
White.}) 34. h4 Ne6 $1 {The only move again.} (34... Bf5 $2 {loses to} 35. Nxf5
gxf5 36. Rc5 Ne4 37. Bxe4 fxe4 38. Rxa5 $18 {and Black loses another pawn.})
35. Rc8+ $6 {White misses his last chance.} (35. Ra1 $1 {preserved chances for
a win.} Bf1+ 36. Kxf1 Rxd5 37. Nc4 $16 {and Black needs to trade the knights
to reach a theoretically drawish position.}) 35... Kg7 36. Ne8+ Kf8 $1 {
As you can see below discovered checks bring no fruits and so a draw was
agreed. A tough game!} (36... Kh6 $6 {is dangerous as the black king can find
itself in the net.} 37. g4 $1 g5 38. Bxe6 fxe6 39. hxg5+ Kxg5 40. Rc5+ $1 Kg6 (
40... Kxg4 41. Nf6+ Kh4 42. Rh5#) 41. Rxa5 $16 {and White is a pawn up.}) (
36... Kf8 $1 37. Nf6+ {Now Black can choose between repetition of moves and}
Ke7 $5 {which, in fact, also leads to equality.} (37... Kg7 {leads to a draw
after} 38. Ne8+ Kf8 $11) 38. Nxh7 Bf5 $5 {[%csl Rc8,Rd5][%cal Ge6f4]} 39. Bxe6
$8 Bxe6 40. Rc7+ Kd6 41. Ra7 Bd5+ 42. Kh3 Rxf2 43. Rxa5 Be6+ (43... Rf1 $5) 44.
g4 Rf3+ 45. Kg2 Rxe3 $11) 1/2-1/2

[Event "Capablanca Memorial Elite 35th"]
[Site "Varadero"]
[Date "2000.05.07"]
[Round "1"]
[White "Stefansson, Hannes"]
[Black "Bruzon Batista, Lazaro"]
[Result "0-1"]
[WhiteElo "2566"]
[BlackElo "2568"]
[Annotator "Mikhalevski,V"]
[PlyCount "98"]
[EventDate "2000.05.07"]
[EventType "tourn"]
[EventRounds "13"]
[EventCountry "CUB"]
[EventCategory "13"]
[SourceTitle "CBM 077"]
[Source "ChessBase"]
[SourceDate "2000.07.27"]
[SourceVersion "1"]
[SourceVersionDate "2000.07.27"]
[SourceQuality "1"]

1. c4 Nf6 2. Nc3 d5 3. cxd5 Nxd5 4. Nf3 g6 5. Qa4+ Bd7 6. Qb3 Nb6 7. Ng5 e6 8.
d3 $146 ({RR} 8. d4 Bg7 9. Bf4 Nc6 10. e3 Ne7 11. Nf3 O-O 12. Rc1 Rc8 13. Be2
h6 14. h3 Ned5 15. Be5 c5 16. Bxg7 Kxg7 17. O-O cxd4 18. Nxd4 Nxc3 19. Rxc3 Qe7
$11 {Shetty,R-Vakhidov,T/Calcutta IND 2000/0-1 (65)}) 8... Bg7 (8... Nc6 9. Be3
Bg7 10. Nf3 O-O 11. Bc5 Re8 12. e3 Nd5 13. Rc1 b6 14. Ba3 Na5 15. Qc2 c5 16.
Be2 Rc8 17. O-O Bc6 18. Nxd5 Bxd5 19. Qb1 e5 20. b4 e4 21. Nd2 exd3 22. Qxd3 c4
23. Qc2 {Speelman,J-Ricardi,P/Las Vegas 1999/CBM 72/[Pein]/1-0 (43)}) 9. Nge4
h6 $146 (9... O-O 10. Bg5 f6 11. Bd2 {1/2-1/2 Laketic,G-Konopka,M/Prague 1989/
EXT 97 (11)}) 10. g3 Nc6 11. Bg2 Qe7 12. O-O O-O 13. a4 Nd4 14. Qd1 Nd5 15. e3
Nf5 16. d4 Bc6 17. Nc5 Rfd8 18. Ne2 b6 19. Nd3 Nb4 {It seems that Black has
solved opening problems.} 20. Bxc6 Nxc6 21. Qc2 Qd7 22. b4 Bxd4 $2 {Too
optimistic.} ({Dubious is} 22... e5 $6 23. b5 e4 24. Ndf4 {[%csl Re4]}) ({
However} 22... Nce7 {deserved attention}) 23. exd4 Ncxd4 24. Nxd4 Nxd4 25. Qb2
$4 {[%mdl 8192] Awful blunder.Instead of position with an extra piece White
loses immediately.} ({Necessary was} 25. Qd1 Qd5 (25... e5 26. Be3 Qf5 27. Ne1)
26. f3 (26. Ne1 Qc4 $36) 26... Nc6 27. Nf2 Qxd1 28. Rxd1 Rxd1+ 29. Nxd1 Nxb4
30. Bxh6 $16) 25... Nf3+ 26. Kg2 (26. Kh1 e5 $1 {[%csl Rh1][%cal Gd7h3]} (26...
Qxd3 27. Bxh6 Nd4 28. f3 $17) 27. Nxe5 $140 $2 (27. Nf4 $142 exf4 28. Bxf4 Qh3
29. g4 Rd4 $19) 27... Qh3 28. Nxf3 Qxf1+ 29. Ng1 Rd1 $19) 26... Qc6 $1 $19 {
Perhaps White has missed this move.Otherwise he would play 25.Qd1 with clear
edge.} ({White's play was built on} 26... Qxd3 $2 27. Ra3) 27. Qf6 $2 {loses
on spot.} (27. Kh3 {was better, but certainly it couldn't save.} Rxd3 28. Bxh6
e5 $19) 27... Rxd3 $6 (27... Ne1+ $142 {wins by force:} 28. Kh3 Qg2+ 29. Kg4 (
29. Kh4 Qxh2+ 30. Kg4 Qh5+ 31. Kf4 Qf3+ 32. Ke5 Nxd3#) 29... Rd4+ $1 {[%mdl
512]} 30. Qxd4 (30. Bf4 Nf3 $3 {[%csl Rg4][%cal Rh6h5]}) (30. f4 Qxh2 $1 {
[%csl Rg4][%cal Rh2h5]}) (30. Nf4 Nf3 $3 {[%cal Rh6h5]}) 30... f5+ 31. Kf4 $8
g5+ 32. Ke5 (32. Ke3 Nc2+ {[%csl Rd4,Re3]} 33. Kd2 Nxd4 {[%csl Ra1,Rd2,Rf1]
[%cal Gd4b3]}) 32... Nf3+ 33. Kf6 Nxd4 $19) 28. Kh3 (28. Bb2 {doesn't change
much:} Ne1+ 29. Kh3 Qg2+ 30. Kg4 (30. Kh4 $2 Qxh2+ 31. Kg4 Qh5+ 32. Kf4 Rf3+
33. Ke4 Qd5#) 30... e5 $3 {[%mdl 64]} (30... Qf3+ $19) 31. Bxe5 (31. Raxe1 Rf3
$3 {[%mdl 64]} 32. Rg1 (32. Qxf3 h5+) 32... Rf4+ $1 33. Qxf4 f5+ 34. Qxf5 (34.
Kh4 Qxh2#) 34... gxf5+ 35. Kh5 ({After} 35. Kxf5 {Black mates in 10 by means of
} Qf3+ (35... Qxf2+ $19 {[%csl Rb2,Rf5]})) 35... Qh3+ 36. Kg6 Qg4+ 37. Kf6 Re8
$1 {[%csl Rf6][%cal Gg8h7,Gg4g6,Rg4g5]}) 31... Qf3+ 32. Qxf3 (32. Kh3 Qh5+ 33.
Qh4 Qxh4+ 34. Kxh4 Nf3+ {[%csl Re5,Rh4]}) 32... Nxf3 $19 {[%csl Rf1,Rg4][%cal
Gf3h2,Gf3e5]}) 28... Qd5 {[%cal Gd5h5,Gh5h2]} 29. Rh1 $8 (29. Be3 Rxe3 $1 {
[%mdl 64]} 30. fxe3 Ng5+ 31. Kh4 Qg2 $1 {[%csl Rh4][%cal Gg2h3]} 32. Kg4 Qe2+
33. Kf4 (33. Rf3 Nxf3 $19) 33... Qc4+ 34. Qd4 (34. Ke5 Qe4#) 34... e5+ $1 35.
Kxe5 (35. Kg4 Qe2+) 35... Qe6+ 36. Kf4 Qf5#) 29... h5 $2 {Black doesn't find
mating mechanism.} (29... Ng5+ $1 {is winning on the spot} 30. Bxg5 (30. Kh4
Qe4+ 31. Bf4 Qf3 {[%csl Rh4][%cal Gf3h5]}) 30... hxg5 {[%cal Gg5g4,Gd5h5]} 31.
f3 (31. Kg4 Qe4+ 32. f4 (32. Kh3 g4+ 33. Kh4 Rd5 $1 {[%cal Gd5h5]}) 32... Qf3+
33. Kh3 Qh5+ 34. Kg2 Rd2+ 35. Kg1 Qe2) 31... Rxf3 $19 {[%cal Gg5g4]}) 30. Bb2 (
{Better was} 30. Bh6 {forcing exchange of queens} Qe5 31. Qxe5 Nxe5 {[%cal
Ge5g4]}) 30... Qf5+ $2 (30... e5 $142 {[%csl Rh3][%cal Gd3d2,Gg6g5]}) 31. Kg2
$1 {[%csl Rg8] Instead of position with mating attack Black finds himself in
the endgame with two extra pawns where some accuracy required as his king is
feeling unsecure.} e5 $6 (31... Qxf6 $142 32. Bxf6 g5 $3 {[%cal Gg8h7,Gh7g6,
Gg5g4] I believe this was the right plan.Black liberates his king while
creating mating net near the rival's monarch.} (32... Nd2 $143 33. Rhd1 Rd5 34.
b5 $1 {[%csl Rc7]} a6 35. a5 $1 (35. Rac1 $5) 35... bxa5 (35... Nb3 $2 36. axb6
$1 Nxa1 $140 $2 37. b7 $1 $18) 36. Rxa5 Nc4 37. Rxa6 $1 $132) 33. Rhd1 (33.
Rac1 Rc8 $1 {[%cal Gg8h7,Gh7g6]}) 33... Rxd1 34. Rxd1 g4 35. b5 $1 (35. Rd7 Rc8
$1 (35... Kh7 36. Rxc7 Kg6 37. Be7 $1)) 35... a6 $1 36. Rd8+ Rxd8 37. Bxd8 axb5
38. axb5 Nd2 $1 39. Bxc7 Nc4 40. Kf1 Kf8 41. Ke2 Ke7 42. Kd3 Kd7 43. Bf4 Na3
44. Be3 Kc7 45. Bf4+ Kb7 $19) 32. Qxf5 gxf5 33. Rac1 (33. Rhc1 $5 Rb3 34. Ra3
$1 Nh4+ $1 35. gxh4 Rxb2 36. Rg3+ Kf8 37. Rxc7 Rxb4 38. Rg5 Rg4+ 39. Kh3 $1 {
with chances for escape}) 33... Rb3 34. Bc3 $5 $132 Ng5 (34... e4 35. Rhd1 {
[%cal Gd1d7,Gd1d5]}) 35. Bxe5 Rxb4 36. Rxc7 Rxa4 37. Rd1 $6 (37. Rhc1 $142 $5 {
was better creating some threats along the 8-th rank.} Re8 (37... Re4 38. f4 $1
$132 {[%cal Gc7c8]}) 38. Rc8 Rxc8 (38... Rf8 $4 39. Rxf8+ Kxf8 40. Bf6 $18 {
[%csl Rf8,Rg5][%cal Gc1c8]}) 39. Rxc8+ Kh7 40. Rh8+ Kg6 41. Rg8+ Kh6 42. h4 f6
$1 (42... Ne6 43. Rh8+ Kg6 44. Rg8+ $11) 43. Bxf6 $132 (43. hxg5+ $5 Kh7 44.
Re8 fxe5 45. Rxe5 f4 $1 46. Re6)) 37... Re8 38. Bf6 (38. Ra1 $5 Rxa1 39. Bxa1
Ra8 40. Rd7 {[%cal Gd7d5]}) 38... Ne4 39. Rdd7 $2 (39. Ra1 $5) 39... Nxf6 {
Now Black is simply a piece up.} 40. Rxf7 Rf8 (40... Re6 $5 41. Rg7+ Kf8) 41.
Rg7+ Kh8 42. h3 Ne8 43. Rh7+ Kg8 44. Rce7 Rf6 (44... f4 $5) 45. Rxh5 Ng7 46.
Rg5 Rf7 47. Re8+ Kh7 48. Rb8 Rb4 {[%cal Ga7a5]} 49. h4 Ne6 {White has no
compensation for the piece.} (49... a5 $5) 0-1

[Event "EU-ch 1st"]
[Site "Saint Vincent"]
[Date "2000.07.12"]
[Round "9"]
[White "Mikhalevski, Victor"]
[Black "Odeev, Handszar"]
[Result "0-1"]
[WhiteElo "2532"]
[BlackElo "2442"]
[Annotator "Mikhalevski,V"]
[PlyCount "66"]
[EventDate "2000.07.03"]
[EventType "swiss"]
[EventRounds "11"]
[EventCountry "ITA"]
[SourceTitle "CBM 078"]
[Source "ChessBase"]
[SourceDate "2000.10.18"]
[SourceVersion "1"]
[SourceVersionDate "2000.10.18"]
[SourceQuality "1"]

1. Nf3 Nf6 2. c4 g6 3. Nc3 d5 4. Qa4+ {The choice of this line wasn't very
surprising as I have already lost with it two games as Black earlier at the
tournament and wanted to look at the position from the other side of the board.
} Bd7 5. Qb3 dxc4 6. Qxc4 {In both those games I played 6...a6,but Odeev shows
that he is ready to follow another my game(Goldin-Mikhalevski,Rishon-Lezion
1997).See below.} Bg7 7. e4 {[%cal Ge4e5] I didn't mind.} O-O 8. e5 Ng4 9. d4
Be6 (9... Nc6 {was tried in the game Ivanchuk-Shirov,Rubinstein mem 1998/CBM67
[Ribli]} {but after} 10. Bf4 Na5 11. Qe2 $1 $14 {White is better in view of
unfortunate position of black knights.}) 10. Qb5 $5 {Unfortunately I wasn't
very curious to know what my opponent prepared after 10.d5.} ({In case of} 10.
d5 Bf5 11. Bf4 Nd7 12. Qe2 f6 13. e6 Nde5 {unclear position with mutual
chances arises.} (13... Nc5 $2 14. Qc4 b6 15. Nd4 Ne5 16. Bxe5 fxe5 17. Nc6 Qe8
18. b4 Nb7 19. Nb5 Rc8 20. Nbxa7 Ra8 21. Nb5 Rc8 22. Rc1 Nd6 23. Nxd6 cxd6 24.
Be2 $18 {1-0 Drogoon,A-Vorobiov,E/Moscow 1998/EXT 99 (31)}) 14. Rd1 $1 $146 (
14. Bxe5 fxe5 15. h3 Nf6 16. Rd1 e4 17. Ne5 c6 18. dxc6 Qc7 19. cxb7 Rad8 $1
$36 {0-1 Goldin,A-Mikhalevski,V/Rishon Le Ziyyon 1997/CBM 62 ext (30)}) 14...
c6 $2 (14... Qd6 $5) (14... Nxf3+ $5) 15. Nd4 $1 $16 {Rustemov-Zezulkin,
Swidnica 1999/CBM71[Mikhalevski]}) 10... Qc8 $5 $146 {Looks better than b6.} ({
In the only preceding game Black prefered} 10... b6 {but after} 11. h3 Nh6 12.
Be2 c6 13. Qa4 f6 14. exf6 exf6 15. O-O Nf5 16. Bf4 b5 17. Qd1 b4 18. Ne4 Bd5
19. Bd3 {White got a better play.1-0 Koerholz,L-Wiedenkeller,M/Bonnevoie 1999/
EXT 2000 (29)}) (10... Nc6 $2 11. d5 a6 12. Qc5 $18 {[%csl Rc6,Re6]}) 11. h3
Nh6 12. Bf4 (12. Be2 $5 {Odeev}) 12... c6 13. Qe2 {[%csl Rh6][%cal Ge2d2]
Trying to catch the knight with Qd2 and g4} f6 {Preparing retreat of the
knight to f7 and maybe even g5 in some cases.} ({An attempt to prevent Qd2
with the help of tactics by means of} 13... Rd8 $6 {is suspicious in a view of}
14. g4 $1 {[%csl Rh6][%cal Ge2e3] and Black has to move the f-pawn anyway
while the move Rd8 is not necessary.} (14. Qd2 $140 $6 Nf5 15. g4 $2 (15. Rd1
$142) 15... Nxd4 16. Nxd4 c5 $17)) (13... Qd7 $2 {is bad in view of
above-mentioned threat:} 14. Qd2 Nf5 15. g4 {and} Bd5 {doesn't help:} 16. Nxd5
Qxd5 17. Bg2 {[%csl Rf5] winning the knight.}) 14. O-O-O $6 {[%mdl 16384] A
bad move which was made after a prolonged thought.The idea was to keep all the
options open,in particular in case of Nd7 ef White forces N:f6.The only,but
very seriou s drawback is vulnerable position of White's king.} (14. Qd2 $5 Nf7
(14... g5) 15. Qe3 {and then developing the f1-bishop White completes
development getting slightly better position.}) 14... b5 $1 {[%cal Gb8a6,Ga6b4]
Black starts with the attack immediately.The main attacking resource is Na6-b4
and then in case of Kb1-Bf5 or after a3 Black opens the position with b4.} 15.
Kb1 (15. Re1 Re8 $1 16. Kb1 Na6 {is similar to the game as including Re1 Re8
doesn't help against Black's plan.}) 15... Na6 $1 {[%cal Ga6b4,Ge6f5]} 16. Rc1
(16. g4 $1 {deserved a serious attention in order to meet} Nb4 $2 {with} (16...
Nf7 17. exf6 exf6 18. d5 $1) (16... Rd8 $142 17. Bg2 Nb4 18. exf6 exf6 19. Rhe1
$13) 17. exf6 exf6 18. Bd6 {[%csl Rb4,Rf8] with double attack.Now} Re8 {
doesn't help in a view of} 19. Bxb4 Bxa2+ 20. Nxa2 Rxe2 21. Bxe2 $18) 16... Nb4
{[%csl Rd3][%cal Ge6f5]} 17. Qd2 (17. exf6 exf6 18. Qd2 Nf7 {leads to the game}
) 17... Nf7 18. exf6 exf6 19. Nxb5 $2 {[%mdl 16384] Another serious blunder.} (
19. a3 {was necessary} {and after} Nd5 (19... Bf5+ 20. Ka1 a5 21. g4 $5 (21.
Nxb5 Nc2+ $1 22. Rxc2 Bxc2 23. Nc7 $1 Be4 24. Nxa8 Qxa8 $14) 21... Be6 22. Nxb5
Nd5 $1 {[%cal Gd5f4,Gg7h6] creating a threat along the c1-h6 diagonal} 23. Be3
$14) (19... g5 $5) 20. Nxd5 Bxd5 21. Bxb5 {White wins a pawn with better
position.}) 19... Bxa2+ 20. Ka1 a5 $15 {/-/+ Now Black gets the position from
the 19.a3 line with an extra pawn.} 21. Bc4 $2 $138 {Being short of time I
allow very unpleasant pin along the a2-e6 diagonal.Now after} Bxc4 22. Rxc4 Qe6
$17 23. Na3 {White has very serious difficulties.} g5 $5 24. Bg3 Rfe8 {
Preparing doubling the rooks along the e-file.} 25. d5 $2 $138 {I was shocked
by the way game continued.That may be probably the only explanation of this
move.} (25. Re1 $142 {was the very last chance.} Qd5 26. Rxe8+ (26. Re3 $5)
26... Rxe8 27. b3) 25... Qxd5 (25... cxd5 $143 26. Nd4) 26. Qxd5 cxd5 $19 {
Now Black is just a pawn up.} 27. Rcc1 f5 {[%csl Rb2,Rf2,Rg3][%cal Gf5f4,Gb4d3]
} 28. Rcd1 f4 29. Bh2 Re2 30. Nd4 ({Or} 30. Rd2 Rxd2 31. Nxd2 Nd3 {[%csl Rb2,
Rf2]}) 30... Rxf2 31. g3 Bxd4 $1 {wins by force:} 32. Rxd4 fxg3 33. Bxg3 Rf3 {
[%csl Ra1,Rd4,Rg3][%cal Gf3a3] Fortunately the game is over.} (33... Rf3 34.
Bc7 Rxa3+ 35. bxa3 Nc2+ {[%csl Ra1,Rd4]}) 0-1